| 000 | 00000nas##2200000za#4500 |
| 001 | 9.506754 |
| 003 | CaOODSP |
| 005 | 20200325130045 |
| 007 | cr ||||||||||| |
| 008 | 150406c1998||||xxc|| m o||||f| |0eng|d |
| 040 | |aCaOODSP|beng |
| 043 | |an-cn--- |
| 086 | 1 |aF21-6E-PDF |
| 110 | 1 |aCanada.|bDepartment of Finance.|bTask Force on the Future of the Canadian Financial Services Sector. |
| 245 | 10|aResearch paper prepared for the Task Force on the Future of the Canadian Financial Services Sector |h[electronic resource] |
| 260 | |aOttawa - Ontario : |bFinance Canada. |
| 775 | 08|tDocument de recherche préparé pour le Groupe de travail sur l'avenir du secteur des services financiers canadien |w(CaOODSP)9.503148 |
| 776 | 0#|tResearch paper prepared for the Task Force on the Future of the Canadian Financial Services Sector |w(CaOODSP)9.514612 |